000 00444nam a22001697a 4500
999 _c10443
_d10443
003 OSt
008 210210b ||||| |||| 00| 0 eng d
020 _a9788131262979
100 _aHALL,John E
245 _aPocket companion to Guyton and Hall text book of Medical Physiology
250 _a14th
260 _aNew Delhi
_bElsevier
300 _a721
650 _aHuman Anatomy and Physiology
700 _aHALL,Michael E
942 _2ddc
_cBK